Terminología, definiciones y ritos de las nupcias romanas. La trascendencia de su simbología en el matrimonio moderno.

Salvato in:
Dettagli Bibliografici
Autore principale: Ortega Carrillo de Albornoz, Antonio (autor)
Natura: Libro
Lingua:spagnolo
Pubblicazione: Madrid, España: Universidad de Málaga, Dykinson, 2006.
Serie:Monografías de Derecho Romano. Sección Derecho Público y privado Romano, 31.
Soggetti:
Tags: Aggiungi Tag
Nessun Tag, puoi essere il primo ad aggiungerne!!

MARC

LEADER 00000nam a2200000 a 4500
001 UCI4161
003 CL-VaPUC
005 20221116095205.0
008 071228e20060000SP |||||||||||||||||spa|d
999 |c 328143  |d 328141 
020 |a 978-84-9772-938-2 
040 |c Pontificia Universidad Católica de Valparaíso 
082 0 4 |a 340.54 ORT 2006  |2 21 
100 |a Ortega Carrillo de Albornoz, Antonio  |e autor  |9 525870 
245 1 0 |a Terminología, definiciones y ritos de las nupcias romanas.   |b La trascendencia de su simbología en el matrimonio moderno.  
260 |a Madrid, España:   |b Universidad de Málaga,  |b Dykinson,   |c 2006.  
300 |a 128 páginas.  
490 0 |a Monografías de Derecho Romano. Sección Derecho Público y privado Romano, 31.  
500 |a c.2 Donación Familia Prof. Alejandro Guzmán Brito. 
583 |a last modification  |c 20071228 00:00:00  |k Rodrigo Vera 
650 0 |a Derecho romano  |9 255930 
650 0 |a Matrimonio  |2 CL-VaPUC  |9 254924 
942 |c BK  |2 ddc  |n 0 
945 |d 20071228 00:00:00  |a rbrito 
952 |0 0  |1 0  |4 0  |6 340_540000000000000_ORT_2006  |7 0  |8 DER_ROM  |9 411923  |a BIBDER  |b BIBDER  |d 2019-11-22  |i 4398955  |o 340.54 ORT 2006  |p 4398955  |r 2023-01-25  |w 2019-11-22  |x Ubicación 4to piso  |y BK  |z Este recurso debe solicitarse con anticipación  |k DER 
952 |0 0  |1 0  |2 ddc  |4 0  |6 340_540000000000000_ORT_2006  |7 1  |8 C_AGB  |9 581121  |a BIBDER  |b BIBDER  |d 2022-02-03  |e Donación   |i 5644682  |o 340.54 ORT 2006  |p 5644682  |r 2023-01-25  |t 2  |w 2022-02-03  |y BK_US  |k AGB